| 000 | 00000nam##2200000za#4500 |
| 001 | 9.642018 |
| 003 | CaOODSP |
| 005 | 20210624223506 |
| 007 | cr ||||||||||| |
| 008 | 150407|2006||||xxc|||||o f|0| 0 fre|d |
| 040 | |aCaOODSP|bfre |
| 043 | |an-cn--- |
| 086 | 1 |aEn4-225/2007F-PDF |
| 110 | 1 |aCanada. |bEnvironnement Canada. |bDirection générale de la vérification et de l'évaluation. |
| 245 | 10|aÉvaluation de la participation du Canada à la Commission de coopération environnementale (CCE) |h[ressource électronique] |
| 260 | |aGatineau - Québec : |bEnvironnement Canada. |cLe 18 avril 2007. |
| 300 | |a64p.|btableaux |
| 590 | |a13-14-Supp|b2013-05-30 |
| 775 | 08|tEvaluation of Canada's participation in the Commission for Environmental Cooperation (CEC) |w(CaOODSP)9.698018 |
| 856 | 40|ahttp://publications.gc.ca|qPDF|s416 Ko|uhttps://publications.gc.ca/collections/collection_2013/ec/En4-225-2007-fra.pdf |